书目信息 |
| 题名: |
全球化视野
|
|
| 作者: | 詹庆华 著 | |
| 分册: | ||
| 出版信息: | 北京 中国海关出版社 2008 |
|
| 页数: | 619页 | |
| 开本: | 24cm | |
| 丛书名: | 中国海关历史学术研究丛书 | |
| 单 册: | ||
| 中图分类: | F752.59 | |
| 科图分类: | ||
| 主题词: | 海关--历史--中国--1854~1950--史料 , 海关 | |
| 电子资源: | ||
| ISBN: | 978-7-80165-452-6 | |
| 000 | 01588oam2 2200301 45 | |
| 001 | 1029943867 | |
| 005 | 20100428150212.51 | |
| 010 | @a978-7-80165-452-6@dCNY80.00 | |
| 100 | @a20100420d2008 em y0chiy50 ea | |
| 101 | 0 | @achi@eeng |
| 102 | @aCN@b110000 | |
| 105 | @aa z 000yy | |
| 106 | @ar | |
| 200 | 1 | @a全球化视野@AQuan Qiu Hua Shi Ye@e中国海关洋员与中西文化传播(1854-1950年)@EZhong Guo Hai Guan Yang Yuan Yu Zhong Xi Wen Hua Chuan Bo (1854-1950 Nian )@f詹庆华著@FZhan Qing Hua Zhu |
| 210 | @a北京@c中国海关出版社@d2008 | |
| 215 | @a619页@c照片@d24cm | |
| 225 | 2 | @a中国海关历史学术研究丛书@v16 |
| 312 | @a封面英文题名:A globalizational perspective of foreign staffs in the Chinese maritime customs service and trans-cultural communication between East & West (1854-1950) | |
| 330 | @a本书先是总体分析海关洋员群体的组成和功能,然后从文化维度依次考察海关洋员在西洋物质文化东传、西学东渐、西医传播、制度创新、汉语学习、国际汉学、海关贸易报告、世界博览会等方面的历史活动,最后从文化全球化视角分析解读海关洋员的历史地位和作用。 | |
| 461 | 0 | @12001 @a中国海关历史学术研究丛书@v16 |
| 510 | 1 | @aGlobalizational perspective of foreign staffs in the Chinese maritime customs service and trans-cultural communication between East & West (1854-1950)@zeng |
| 517 | 1 | @a中国海关洋员与中西文化传播@AZhong Guo Hai Guan Yang Yuan Yu Zhong Xi Wen Hua Chuan Bo |
| 606 | 0 | @a海关@x历史@y中国@z1854~1950@j史料 |
| 606 | 0 | @a海关 |
| 690 | @aF752.59@v4 | |
| 701 | 0 | @a詹庆华@AZhan Qing Hua@f(1965~)@4著 |
| 801 | 0 | @aCN@bTANGWEI@c20100428 |
| 905 | @b0594640-44@dF752.59@e29@f5 | |
| 全球化视野:中国海关洋员与中西文化传播(1854-1950年)/詹庆华著.-北京:中国海关出版社,2008 |
| 619页:照片;24cm.-(中国海关历史学术研究丛书;16) |
| ISBN 978-7-80165-452-6:CNY80.00 |
| 本书先是总体分析海关洋员群体的组成和功能,然后从文化维度依次考察海关洋员在西洋物质文化东传、西学东渐、西医传播、制度创新、汉语学习、国际汉学、海关贸易报告、世界博览会等方面的历史活动,最后从文化全球化视角分析解读海关洋员的历史地位和作用。 |
| ● |
| 相关链接 |
|
|
|
|
正题名:全球化视野
索取号:F752.59/29
 
预约/预借
| 序号 | 登录号 | 条形码 | 馆藏地/架位号 | 状态 | 备注 |
| 1 | 0594640 | 205946404 | 第一样本阅览室/ [索取号:F752.59/29] | 在馆 | |
| 2 | 0594641 | 205946413 | 第一借阅区/ [索取号:F752.59/29] | 在馆 | |
| 3 | 0594642 | 205946422 | 第一借阅区/ [索取号:F752.59/29] | 在馆 | |
| 4 | 0594643 | 205946431 | 第一借阅区/ [索取号:F752.59/29] | 在馆 | |
| 5 | 0594644 | 205946440 | 第一借阅区/ [索取号:F752.59/29] | 在馆 |